| 000 | 00356nam a2200133 a 4500 | ||
|---|---|---|---|
| 005 | 20140414093836.0 | ||
| 008 | 030611s19uu xx 00 eng d | ||
| 050 |
_aCDR 495.1 _bLEA 1997 |
||
| 245 | _aLearn Chinese language. | ||
| 650 |
_aMandarin _xInteractive video. |
||
| 650 |
_aChinese language _xInteractive video. |
||
| 942 | _cAVM | ||
| 999 |
_c109024 _d109024 |
||